[Event "Cardiff Welsh op"]
[Site "Cardiff"]
[Date "2023.04.10"]
[Round "7"]
[White "Wu, Yuxuan1111"]
[Black "Havard, Gwyn"]
[Result "1/2-1/2"]
[WhiteElo "1577"]
[BlackElo "1889"]
[PlyCount "49"]
[EventDate "2023.04.07"]
[EventType "swiss"]
[EventRounds "7"]
[EventCountry "WLS"]
[SourceTitle "EXT 2024"]
[Source "ChessBase"]
[SourceDate "2023.10.10"]
[SourceVersion "1"]
[SourceVersionDate "2023.10.10"]
[SourceQuality "1"]

1. d4 Nf6 2. c4 e6 3. Nc3 Bb4 4. Qc2 d5 5. cxd5 Nxd5 6. e4 Nb6 7. Nf3 Nc6 8. Be3 Qe7 9. Bd3 Bd7 10. 0-0 Bxc3 11. bxc3 Na5 12. Qe2 0-0 13. c4 Ba4 14. e5 h6 15. Bd2 Nc6 16. Qe4 f5 17. exf6 Qxf6 18. d5 exd5 19. cxd5 Ne7 20. Ne5 Qf5 21. Qd4 Qf6 22. Bb4 Nbxd5 23. Bxe7 Nxe7 24. Qxa4 Qxe5 25. Qb3+ 1/2-1/2

[Event "Cardiff Welsh op"]
[Site "Cardiff"]
[Date "2022.04.18"]
[Round "6"]
[White "Espinosa Delgado, Miguel"]
[Black "Havard, Gwyn"]
[Result "1-0"]
[WhiteElo "1878"]
[BlackElo "1916"]
[PlyCount "61"]
[EventDate "2022.04.15"]
[EventType "swiss"]
[EventRounds "7"]
[EventCountry "WLS"]
[SourceTitle "CBM 207 Extra"]
[Source "ChessBase"]
[SourceDate "2022.05.31"]
[SourceVersion "1"]
[SourceVersionDate "2022.05.31"]
[SourceQuality "1"]

1. d4 Nf6 2. c4 e6 3. Nf3 Bb4+ 4. Bd2 Qe7 5. a3 Bxd2+ 6. Nfxd2 d5 7. e3 b6 8. Be2 Bb7 9. Bf3 Nbd7 10. Nc3 c5 11. cxd5 exd5 12. 0-0 0-0 13. Qb3 Ne4 14. Rad1 Ndf6 15. Rfe1 Rfd8 16. Ne2 Rac8 17. Nb1 Ba6 18. Nbc3 Bc4 19. Qc2 cxd4 20. Rxd4 Bxe2 21. Bxe2 Nxc3 22. bxc3 Qxa3 23. c4 b5 24. Red1 bxc4 25. Bxc4 Qa5 26. Qd3 g6 27. e4 Nxe4 28. Bxd5 Nc3 29. Bxf7+ Kg7 30. Rxd8 Nxd1 31. Rxc8 1-0